000 00519nam a2200205Ia 4500
005 20250923150133.0
008 008 250917s9999 xx 000 0 eng d
037 _aTextual
040 _aDSWL
_beng
_cDSWL
041 _aeng
_2eng
084 _qDSWL
100 _aRai, A N
_9842658
245 0 _aJuvenile delinquency : Causes and cure
_c by A N Rai
260 _aDelhi
_bISSP Publications
_c1973
300 _a192p.
365 _aINR
_b15
925 _g15
942 _cTEXL
999 _c1459977
_d1459977